000 00788nam a2200265Ia 4500
003 OSt
005 20221006153623.0
006 a|||||r|||| 00| 0
007 ta
008 221006b |||||||| |||| 00| 0 eng d
020 _a9780824831004
024 _a32,875
037 _bGift, JLPP
_cTextual
040 _aEASL
_cEASL
_beng
041 _2eng
_aeng
082 _aO42,3M72, P7
100 _aKiIDO Okamoto
_9664719
245 0 _aCurious casebook of inspector Hanshichi
_b Detective stories of old Edo
260 _aHonolulu
_bUniversity of Hawaii Press
_c2007
300 _a335p.
_ccm.
490 _v JEL
700 _a MACDONALD Ian Tr.
_9664720
942 _hO42,3M72, P7
_cTEXL
_2CC
999 _c1100961
_d1100961